000 00308nam a22001217a 4500
005 20250901165814.0
008 250328b |||||||| |||| 00| 0 eng d
050 _aPL 8704 .M53 2016
245 _aNingekuwa na Uwezo
_cKatama Mkangi
260 _aNairobi:
_bOUP,
_c2016.
300 _a74 p.:
_c18 cm.
942 _2lcc
999 _c9455
_d9455